000 00500nam a2200169 i 4500
001 78891
003 ES-MaACL
005 20230906173838.0
007 t|
008 041018s1947 xxk ||||1| eng d
100 1 _aHayward, John.
_962223
245 1 0 _aProse literature since 1939 /
_cby John Hayward.
250 _a[1st ed.].
260 _aLondon :
_bBritish Council,
_c[1947] (
_eEdinburgh :
_fR. and R. Clark)
300 _aVII, 46 p., 7 lám. ;
_c20 cm.
852 _aES-MaACL
_j1898-F-1
_bR.27284
999 _c78891
_d78891